000 00670nam a2200289Ia 4500
005 20260324144716.0
008 008 260324s9999 xx 000 0 eng d
020 _a9780203037904
037 _aEBOOK
040 _aCRL
040 _beng
040 _cCRL
041 _2eng
041 _aeng
084 _qCRL
100 _aMasaji Chiba
_91220320
245 0 _aAsian Indigenous Law
245 0 _bIn Interaction with Received Law
260 _bTaylor and Francis
260 _c1986
365 _a
365 _b350
856 _uhttp://www.taylorfrancis.com/books/9780203037904
942 _cEBOOK
999 _c1827267
_d1827267